00330nam a2200109Ia 450000500170000000800410001710000220005824500750008026000280015530000110018365000260019420260326100037.0260326s9999||||xx |||||||||||||| ||und|| aCampos Payo, Juan 0aEsto es Toledo :b Historia, Monumentos y leyendas /cJuan Campos Payo bArtes Gráficas Toledo a111 p. aARQUITECTURA REGIONAL